000 00324nam a22001337a 4500
008 171006b xxu||||| |||| 00| 0 eng d
020 _a000020019266
041 _aeng
080 _25TH
_a159.9
100 _a49
101 _aPSI
245 _aPUBLICATION MANUAL OF THE AMERICAN PSYCHOLOGICAL ASSOCIATION
942 _2udc
_cBK
999 _c32245
_d32245